BIBLIOTECA

SENCICO

40 preguntas sobre competencia laboral / (Registro nro. 372)

Detalles MARC
000 -LEADER
fixed length control field 01366nam a2200301Ia 4500
003 - CONTROL NUMBER IDENTIFIER
control field PE SENCICO BE
005 - DATE AND TIME OF LATEST TRANSACTION
control field 20251020182435.0
008 - FIXED-LENGTH DATA ELEMENTS--GENERAL INFORMATION
fixed length control field 200515s9999 xx 000 0 und d
020 ## - INTERNATIONAL STANDARD BOOK NUMBER
International Standard Book Number 92-9088-173-9
040 ## - CATALOGING SOURCE
Original cataloging agency PE SENCICO BE
Transcribing agency PE SENCICO BE
041 ## - LANGUAGE CODE
Language code of text/sound track or separate title spa
082 ## - DEWEY DECIMAL CLASSIFICATION NUMBER
Classification number 331.11
Item number V28
100 1# - MAIN ENTRY--PERSONAL NAME
Personal name Vargas Zúñiga, Fernando
9 (RLIN) 3052
Relator term autor
245 10 - TITLE STATEMENT
Title 40 preguntas sobre competencia laboral /
Remainder of title Fernando Vargas Zúñiga
250 ## - EDITION STATEMENT
Edition statement 1a ed.
260 ## - PUBLICATION, DISTRIBUTION, ETC.
Place of publication, distribution, etc. Montevideo :
Name of publisher, distributor, etc. OIT ;
-- Cinterfor ;
Date of publication, distribution, etc. 2004
300 ## - PHYSICAL DESCRIPTION
Extent 135 páginas :
Other physical details tablas, gráficos ;
Dimensions 23 cm.
490 ## - SERIES STATEMENT
Series statement Papeles de la oficina técnica ;
Volume/sequential designation 13
504 ## - BIBLIOGRAPHY, ETC. NOTE
Bibliography, etc. note p. 131-135
505 0# - FORMATTED CONTENTS NOTE
Formatted contents note Conceptos básicos sobre competencia laboral -- Identificación de competencias -- Normalización de competencias y normas de calidad -- Certificación de competencias -- Formación de competencias -- Gestión de recursos humanos por competencias
520 3# - SUMMARY, ETC.
Summary, etc. Facilita la consulta y los primeros pasos de quienes, desde las instituciones de formación o desde la gestión de recursos humanos, se acercan a la aplicación de este novedoso concepto sobre el trabajo.
650 10 - SUBJECT ADDED ENTRY--TOPICAL TERM
Topical term or geographic name entry element Recursos humanos
9 (RLIN) 932
650 20 - SUBJECT ADDED ENTRY--TOPICAL TERM
Topical term or geographic name entry element Formación profesional
9 (RLIN) 1311
650 20 - SUBJECT ADDED ENTRY--TOPICAL TERM
Topical term or geographic name entry element Certificación ocupacional
9 (RLIN) 3053
650 20 - SUBJECT ADDED ENTRY--TOPICAL TERM
Topical term or geographic name entry element Análisis ocupacional
9 (RLIN) 3054
650 20 - SUBJECT ADDED ENTRY--TOPICAL TERM
Topical term or geographic name entry element PUB CINTERFOR
9 (RLIN) 2462
942 ## - ADDED ENTRY ELEMENTS (KOHA)
Koha item type Libros
Source of classification or shelving scheme Dewey Decimal Classification
Existencias
Fecha de la última vez que lo usaron Número de ingreso o de inventario Pago total Signatura topográfica completa Código de barras Precio efectivo desde Tipo de documento Estado perdido Sistema de clasificación Estado dañado No es para préstamo Retirado Ubicación permanente Ubicación actual Fecha de adquisición
15/05/2020 12920   331.11/V28 BibLima25050001 15/05/2020 Libros   Dewey Decimal Classification       Biblioteca Central Lima Biblioteca Central Lima 15/05/2020